000 00367pab a2200157 454500
008 180718b1996 xxu||||| |||| 00| 0 eng d
100 _aGuinet, Jean
245 _aDo tax-incentives promote innovation?
260 _c1996
300 _ap.22-25
362 _aOct-Nov
650 _aTaxation
700 _aKamata, Hiroko
773 _aOECD Observer
909 _a32345
999 _c32345
_d32345